000 01107nam0a2200325 i 4500
001 RU\NLR\BIBL_A\010002654
005 20240921201554.0
010 _a9785992215793
_97000
021 _aRU
_b2013-77648
_95348
035 _a(NLR Aleph) 010002654
090 _a9804920
_c9804920
100 _a20131108d2013 u y0rusy50 ca
101 0 _arus
102 _aRU
105 _ay||||||||||||
200 1 _aНастоящие друзья
_eроман
_fАнастасия Левковская
_g[худож. Е. Никольская]
210 _aМосква
_cАрмада
_cАльфа-книга
_d2013
215 _a407, [2] с.
_cил.
_d21
225 1 _aМагия фэнтези
_vвып. 489
333 _a16+
675 _a821.161.1-31
686 2 _aШ6(2=Р)8-445
700 1 _7ca
_8rus
_aЛевковская
_bА.
_f1984-
_gАнастасия
_9200731
_3RU\NLR\AUTH\770200782
702 1 _aНикольская
_bЕ.
_4440
801 0 _aRU
_bRuMoRKP
_c20130930
_gRCR
801 2 _aRU
_bРГБ
_c20131011
_grcr
801 1 _aRU
_bRuMoRKP
_c20130930
_2rusmarc
942 _cBOOK
980 _aNBR